Chicken Soup for the Soul (Record no. 85202)
[ view plain ]
| 000 -LEADER | |
|---|---|
| fixed length control field | 00692nam a2200241Ia 4500 |
| 003 - CONTROL NUMBER IDENTIFIER | |
| control field | OSt |
| 005 - DATE AND TIME OF LATEST TRANSACTION | |
| control field | 20250317105507.0 |
| 008 - FIXED-LENGTH DATA ELEMENTS--GENERAL INFORMATION | |
| fixed length control field | 230125s9999 xx 000 0 und d |
| 020 ## - INTERNATIONAL STANDARD BOOK NUMBER | |
| International Standard Book Number | 978-81-8498-448-4 |
| 041 ## - LANGUAGE CODE | |
| Language code of text/sound track or separate title | eng |
| 082 ## - DEWEY DECIMAL CLASSIFICATION NUMBER | |
| Classification number | 891.463 |
| Item number | CAN/PAT |
| 100 ## - MAIN ENTRY--PERSONAL NAME | |
| Personal name | Canfield J |
| 245 ## - TITLE STATEMENT | |
| Title | Chicken Soup for the Soul |
| Remainder of title | Indian Mothers |
| 260 ## - PUBLICATION, DISTRIBUTION, ETC. (IMPRINT) | |
| Date of publication, distribution, etc. | 2013 |
| Name of publisher, distributor, etc. | Mehta publication |
| Place of publication, distribution, etc. | Pune |
| 300 ## - PHYSICAL DESCRIPTION | |
| Extent | 260p |
| 440 ## - SERIES STATEMENT/ADDED ENTRY--TITLE | |
| Title | Chicken Soup for the Soul Series Book |
| 500 ## - GENERAL NOTE | |
| Keywords | Chicken Soup for the Soul Series Book;Literature;Marathi Literature |
| 650 ## - SUBJECT ADDED ENTRY--TOPICAL TERM | |
| Topical term or geographic name as entry element | Marathi Literature |
| 700 ## - ADDED ENTRY--PERSONAL NAME | |
| Personal name | Canfield J & Patwardhan V |
| 9 (RLIN) | 108367 |
| 906 ## - LOCAL DATA ELEMENT F, LDF (RLIN) | |
| b | 54 |
| 942 ## - ADDED ENTRY ELEMENTS (KOHA) | |
| Source of classification or shelving scheme | Dewey Decimal Classification |
| Koha item type | Books |
| Withdrawn status | Lost status | Damaged status | Not for loan | Home library | Current library | Date acquired | Vendor | Cost, normal purchase price | Bill number | Total Checkouts | Full call number | Barcode | Date last seen | Cost, replacement price | Bill Date | Koha item type | Original Barcode |
|---|---|---|---|---|---|---|---|---|---|---|---|---|---|---|---|---|---|
| Smt. Hiraben Nanavati Institute of Management & Research for Women | Smt. Hiraben Nanavati Institute of Management & Research for Women | 30/03/2013 | Pritam Book Centre | 270.00 | 8425 | 891.463 CAN/PAT B12005 | HIMR-BK-12005 | 25/01/2023 | 216.00 | 19/03/2013 | Books | B12005 |